Jewish literature between the Bible and the Mishnah : a historical and literary introduction /

Bibliographic Details
Main Author: Nickelsburg, George W. E., 1934-
Format: Book
Language:English
Published: Philadelphia : Fortress Press, [1981]
Subjects:

MARC

Tag First Indicator Second Indicator Subfields
LEADER 00000pam a2200000 a 4500
001 in00000085483
005 20151008061513.0
008 800424s1981 pauab b 00110 engm
010 |a  80016176  
020 |a 0800606493 
035 |a (OCoLC)06304706 
035 |9 AAJ8205AM 
040 |a DLC  |c DLC  |d m.c.  |d TXA  |d UtOrBLW 
049 |a TXAM  |c [388286] 
050 0 0 |a BS1700  |b .N48 
082 0 |a 229/.061 
100 1 |a Nickelsburg, George W. E.,  |d 1934- 
245 1 0 |a Jewish literature between the Bible and the Mishnah :  |b a historical and literary introduction /  |c George W.E. Nickelsburg. 
264 1 |a Philadelphia :  |b Fortress Press,  |c [1981] 
264 4 |c ©1981 
300 |a xx, 332 pages :  |b illustrations, maps ;  |c 24 cm. 
336 |a text  |b txt  |2 rdacontent 
337 |a unmediated  |b n  |2 rdamedia 
338 |a volume  |b nc  |2 rdacarrier 
500 |a Maps on lining papers. 
504 |a Includes bibliographies and indexes. 
630 0 0 |a Bible.  |p Apocrypha  |x Introductions. 
630 0 0 |a Dead Sea scrolls  |x Introductions. 
650 0 |a Apocryphal books (Old Testament)  |v Introductions. 
999 |a MARS 
999 f f |s a7970b85-e2cd-3d91-8c13-b2699b60b904  |i 45a1b860-04d7-3aac-8f90-3e3adc0bda83  |t 0 
952 f f |p normal  |a Texas A&M University  |b College Station  |c Sterling C. Evans Library  |d Evans: Library Stacks  |t 0  |e BS1700 .N48  |h Library of Congress classification  |i unmediated -- volume  |m A14806091739 
998 f f |a BS1700 .N48  |t 0  |l Evans: Library Stacks